[Event "Quebec op"]
[Site "Montreal CAN"]
[Date "1998.07.25"]
[Round "1"]
[White "Trottier, Yves"]
[Black "Caceres Cortes, Julio"]
[Result "0-1"]
[WhiteElo "1799"]
[BlackElo "1947"]
[PlyCount "74"]
[GameId "2160767911872435"]
[EventDate "1998.07.25"]
[EventType "swiss"]
[EventRounds "9"]
[EventCountry "CAN"]
[SourceTitle "EXT 2022"]
[Source "ChessBase"]
[SourceDate "2021.10.06"]
[SourceVersion "1"]
[SourceVersionDate "2021.10.06"]
[SourceQuality "1"]

1. e4 c5 2. Nc3 Nc6 3. g3 Nf6 4. Bg2 d6 5. h3 g6 6. d3 Bg7 7. f4 O-O 8. Be3 Bd7 9. g4 Qa5 10. Qd2 Rfc8 11. f5 Rab8 12. Nge2 b5 13. g5 b4 14. Nd1 Ne8 15. h4 Ne5 16. Ng3 c4 17. h5 cxd3 18. cxd3 Ba4 19. Qe2 Rc2 20. Bd2 Bb5 21. Nf2 Qa6 22. hxg6 hxg6 23. Bf1 b3 24. fxg6 fxg6 25. a4 Rxb2 26. Nf5 Rxd2 27. Kxd2 b2 28. Rb1 Bxd3 29. Nxe7+ Kf7 30. Nxd3 Nc4+ 31. Ke1 Qa5+ 32. Kf2 Bd4+ 33. Kg3 Qxg5+ 34. Kh2 Nf6 35. Bh3 Kxe7 36. e5 Nxe5 37. Nxe5 Bxe5+ 0-1

[Event "Quebec op"]
[Site "Montreal CAN"]
[Date "1998.07.26"]
[Round "2"]
[White "Abreu Cordero, Jose"]
[Black "Hua, Lefong"]
[Result "0-1"]
[WhiteElo "1985"]
[BlackElo "2195"]
[PlyCount "116"]
[GameId "2160767911872436"]
[EventDate "1998.07.25"]
[EventType "swiss"]
[EventRounds "9"]
[EventCountry "CAN"]
[SourceTitle "EXT 2022"]
[Source "ChessBase"]
[SourceDate "2021.10.06"]
[SourceVersion "1"]
[SourceVersionDate "2021.10.06"]
[SourceQuality "1"]

1. c4 Nf6 2. d4 g6 3. Nc3 Bg7 4. e4 d6 5. f3 O-O 6. Be3 b6 7. Qd2 Bb7 8. Nh3 Nbd7 9. Be2 c5 10. d5 Ne5 11. Nf2 a6 12. O-O Qc7 13. f4 Ned7 14. Bf3 b5 15. cxb5 axb5 16. Nxb5 Qb6 17. a4 Ba6 18. Be2 Qb7 19. Rac1 Nb6 20. b3 Nfd7 21. Rfd1 f5 22. Qc2 Kh8 23. Bc4 fxe4 24. Qxe4 Nf6 25. Qd3 Bxb5 26. axb5 Rac8 27. Rc2 e6 28. Ne4 Nxe4 29. Qxe4 Rce8 30. Qf3 exd5 31. Bf2 Re5 32. Rcd2 Nxc4 33. bxc4 Re4 34. cxd5 Rexf4 35. Qb3 c4 36. Qe3 c3 37. Re2 Qxb5 38. Kh1 Qxe2 39. Qxe2 Rxf2 40. Qd3 c2 41. Re1 Bb2 42. Kg1 c1=Q 43. Rxc1 Bxc1 44. Qc3+ Kg8 45. Qxc1 Rf1+ 46. Qxf1 Rxf1+ 47. Kxf1 Kf7 48. Ke2 Kf6 49. Ke3 Ke5 50. g3 Kxd5 51. h3 Kc4 52. g4 d5 53. h4 Kc3 54. Ke2 d4 55. Kd1 Kd3 56. g5 Ke3 57. Ke1 d3 58. Kd1 d2 0-1

[Event "Quebec op"]
[Site "Montreal CAN"]
[Date "1998.07.26"]
[Round "2"]
[White "Caceres Cortes, Julio"]
[Black "Constantineau, Yvan"]
[Result "0-1"]
[WhiteElo "1947"]
[BlackElo "2165"]
[PlyCount "52"]
[GameId "2160767911872437"]
[EventDate "1998.07.25"]
[EventType "swiss"]
[EventRounds "9"]
[EventCountry "CAN"]
[SourceTitle "EXT 2022"]
[Source "ChessBase"]
[SourceDate "2021.10.06"]
[SourceVersion "1"]
[SourceVersionDate "2021.10.06"]
[SourceQuality "1"]

1. e4 e5 2. Nf3 Nc6 3. Bb5 f5 4. Nc3 fxe4 5. Nxe4 Nf6 6. Nxf6+ Qxf6 7. Qe2 Be7 8. Bxc6 bxc6 9. Nxe5 O-O 10. O-O a5 11. d3 Bd6 12. Nc4 Ba6 13. Qg4 Rae8 14. Be3 Bxc4 15. Qxc4+ Kh8 16. Qg4 Re6 17. c3 Qf7 18. c4 Rg6 19. Qh3 c5 20. Rad1 Be5 21. Bxc5 Rh6 22. Qxh6 gxh6 23. Bxf8 Qxf8 24. d4 Bf6 25. Rfe1 Qb4 26. b3 Kg7 0-1

[Event "Quebec op"]
[Site "Montreal CAN"]
[Date "1998.07.26"]
[Round "2"]
[White "Champetier, Serge"]
[Black "Gilbert, Erick"]
[Result "1-0"]
[WhiteElo "1979"]
[BlackElo "1845"]
[PlyCount "77"]
[GameId "2160767911872438"]
[EventDate "1998.07.25"]
[EventType "swiss"]
[EventRounds "9"]
[EventCountry "CAN"]
[SourceTitle "EXT 2022"]
[Source "ChessBase"]
[SourceDate "2021.10.06"]
[SourceVersion "1"]
[SourceVersionDate "2021.10.06"]
[SourceQuality "1"]

1. e4 e6 2. d4 d5 3. Nc3 Bb4 4. Nge2 dxe4 5. a3 Bxc3+ 6. Nxc3 Nf6 7. Bg5 h6 8. Bh4 g5 9. Bg3 Nd5 10. Nxe4 Nc6 11. h4 Nf6 12. Bxc7 Qe7 13. Bd6 Qd8 14. Nxf6+ Qxf6 15. Bb5 Qf5 16. Qe2 Bd7 17. O-O-O Qd5 18. Bc5 O-O-O 19. Kb1 Kb8 20. Bc4 Qf5 21. hxg5 hxg5 22. Rxh8 Rxh8 23. d5 exd5 24. Rxd5 Qe6 25. Rxg5 Qxe2 26. Bxe2 Rh1+ 27. Ka2 Be6+ 28. b3 Kc7 29. Kb2 b6 30. Be3 Rh8 31. g4 Ne7 32. Bf4+ Kc6 33. Be5 Rg8 34. Rxg8 Nxg8 35. Kc3 Ne7 36. Kd4 b5 37. f4 a5 38. f5 Bd5 39. f6 1-0

[Event "Quebec op"]
[Site "Montreal CAN"]
[Date "1998.07.26"]
[Round "2"]
[White "Cote, Jacques"]
[Black "Prahov, Valentin"]
[Result "0-1"]
[WhiteElo "1969"]
[BlackElo "2235"]
[PlyCount "66"]
[GameId "2160767911872441"]
[EventDate "1998.07.25"]
[EventType "swiss"]
[EventRounds "9"]
[EventCountry "CAN"]
[SourceTitle "EXT 2022"]
[Source "ChessBase"]
[SourceDate "2021.10.06"]
[SourceVersion "1"]
[SourceVersionDate "2021.10.06"]
[SourceQuality "1"]

1. e4 c5 2. Nf3 Nc6 3. d4 cxd4 4. Nxd4 g6 5. c4 Bg7 6. Be3 Nf6 7. Nc3 Ng4 8. Qxg4 Nxd4 9. Qd1 Ne6 10. Qd2 b6 11. Bd3 Bb7 12. Rc1 Qb8 13. O-O O-O 14. Nd5 Re8 15. b4 Nd8 16. f4 e6 17. Nc3 Nc6 18. b5 Ne7 19. f5 exf5 20. exf5 Qe5 21. fxg6 hxg6 22. Rfe1 Qh5 23. Ne4 Nf5 24. Bf4 d5 25. cxd5 Bxd5 26. Be2 Qh4 27. Qxd5 Qxf4 28. Bc4 Re7 29. Qxa8+ Kh7 30. Qd5 Bd4+ 31. Kh1 Be5 32. Ng3 Qh6 33. Rc3 Nxg3+ 0-1

[Event "Quebec op"]
[Site "Montreal CAN"]
[Date "1998.07.26"]
[Round "2"]
[White "Courval, Francois"]
[Black "Saint-Onge, Roland"]
[Result "1-0"]
[WhiteElo "1958"]
[BlackElo "1582"]
[PlyCount "49"]
[GameId "2160767911872442"]
[EventDate "1998.07.25"]
[EventType "swiss"]
[EventRounds "9"]
[EventCountry "CAN"]

1. e4 e5 2. Nc3 Bb4 3. Nd5 Bd6 4. Bc4 c6 5. Ne3 b5 6. Bb3 Ne7 7. Qh5 g6 8. Qh6 c5 9. Qg7 Rf8 10. Ng4 Ng8 11. d3 Nc6 12. Nf3 Qc7 13. Bxf7+ Rxf7 14. Qxg8+ Bf8 15. Bh6 Ne7 16. Qh8 Qb6 17. Nfxe5 Nf5 18. Nxf7 Nxh6 19. Nfxh6 Bb7 20. Nf6+ Ke7 21. Nd5+ Bxd5 22. exd5 Re8 23. Qe5+ Kd8 24. Nf7+ Kc8 25. Qxe8+ 1-0

[Event "Quebec op"]
[Site "Montreal CAN"]
[Date "1998.07.26"]
[Round "2"]
[White "Desjardins, Andre"]
[Black "Leriche, Felix"]
[Result "1/2-1/2"]
[WhiteElo "2004"]
[BlackElo "2216"]
[PlyCount "87"]
[GameId "2160767911872444"]
[EventDate "1998.07.25"]
[EventType "swiss"]
[EventRounds "9"]
[EventCountry "CAN"]
[SourceTitle "EXT 2022"]
[Source "ChessBase"]
[SourceDate "2021.10.06"]
[SourceVersion "1"]
[SourceVersionDate "2021.10.06"]
[SourceQuality "1"]

1. e4 c6 2. d4 d5 3. Nd2 dxe4 4. Nxe4 Bf5 5. Ng3 Bg6 6. Nf3 Nd7 7. h4 h6 8. h5 Bh7 9. Bd3 Bxd3 10. Qxd3 Ngf6 11. c4 e6 12. Bf4 Qa5+ 13. Bd2 Qc7 14. O-O-O O-O-O 15. Bc3 a6 16. a4 c5 17. dxc5 Bxc5 18. Qe2 Be7 19. Ne5 Nxe5 20. Bxe5 Qc6 21. f3 Qxa4 22. Qe3 Rxd1+ 23. Rxd1 Rd8 24. Rxd8+ Bxd8 25. Qc5+ Qc6 26. Qxc6+ bxc6 27. Kc2 Kb7 28. Ne4 Nxe4 29. fxe4 g6 30. Bf4 gxh5 31. Bxh6 Kb6 32. Be3+ Ka5 33. Bc5 f5 34. exf5 exf5 35. b3 Bh4 36. Kb2 Bg5 37. Kc2 h4 38. Kd3 Bf6 39. Kd2 f4 40. Ke2 Bc3 41. Kf3 Bb4 42. Bf2 Bc3 43. Bc5 Bb4 44. Bf2 1/2-1/2

[Event "Quebec op"]
[Site "Montreal CAN"]
[Date "1998.07.26"]
[Round "2"]
[White "Drolet, Stephane"]
[Black "Rosen, Matthew"]
[Result "1-0"]
[WhiteElo "1848"]
[BlackElo "1871"]
[PlyCount "133"]
[GameId "2160767911872445"]
[EventDate "1998.07.25"]
[EventType "swiss"]
[EventRounds "9"]
[EventCountry "CAN"]
[SourceTitle "EXT 2022"]
[Source "ChessBase"]
[SourceDate "2021.10.06"]
[SourceVersion "1"]
[SourceVersionDate "2021.10.06"]
[SourceQuality "1"]

1. Nf3 Nf6 2. c4 e6 3. g3 b6 4. Bg2 Bb7 5. O-O c5 6. Nc3 Be7 7. Re1 O-O 8. e4 d6 9. d4 cxd4 10. Nxd4 Ne8 11. b3 a6 12. Bb2 Qc7 13. Rc1 Bf6 14. Qd2 Nd7 15. Nc2 Rd8 16. Ne3 g6 17. Red1 Qc5 18. Na4 Qh5 19. Ba3 Ne5 20. g4 Nxg4 21. Nxg4 Qxg4 22. f3 Qh4 23. Qf2 Qxf2+ 24. Kxf2 b5 25. cxb5 axb5 26. Nc3 Bxc3 27. Rxc3 Ra8 28. Bb4 Rxa2+ 29. Kg1 e5 30. Bxd6 Nxd6 31. Rxd6 f5 32. Rc7 Bc8 33. Rdc6 Ra8 34. Rc5 fxe4 35. Rxe5 Bf5 36. Ree7 Rf6 37. Rg7+ Kf8 38. Rxh7 Be6 39. Rh8+ Bg8 40. Bf1 Rxf3 41. Bxb5 Rxb3 42. Rxg8+ Kxg8 43. Bc4+ Kh8 44. Bxb3 Rb8 45. Bc2 Re8 46. Kf2 e3+ 47. Ke2 Re6 48. Bd3 g5 49. Bf5 Re5 50. Bd3 Kg8 51. Rh7 Kf8 52. Rh5 Kg7 53. h4 Kf6 54. Rh6+ Kg7 55. Rg6+ Kh8 56. hxg5 Re7 57. Rh6+ Kg8 58. Rh3 Re5 59. g6 Re7 60. Rxe3 Rc7 61. Kf3 Rc5 62. Kf4 Rc7 63. Re5 Kg7 64. Kg5 Ra7 65. Bf5 Rb7 66. Re4 Ra7 67. Rf4 1-0

[Event "Quebec op"]
[Site "Montreal CAN"]
[Date "1998.07.26"]
[Round "2"]
[White "Dumesnil, Etienne"]
[Black "Leimanis, Andris"]
[Result "1-0"]
[WhiteElo "1874"]
[BlackElo "1669"]
[PlyCount "53"]
[GameId "2160767911872446"]
[EventDate "1998.07.25"]
[EventType "swiss"]
[EventRounds "9"]
[EventCountry "CAN"]
[SourceTitle "EXT 2022"]
[Source "ChessBase"]
[SourceDate "2021.10.06"]
[SourceVersion "1"]
[SourceVersionDate "2021.10.06"]
[SourceQuality "1"]

1. e4 c5 2. Nf3 g6 3. d4 cxd4 4. Nxd4 Nc6 5. Nc3 Bg7 6. Be3 Nf6 7. f3 O-O 8. Qd2 Qa5 9. Nb3 Qc7 10. Nb5 Qd8 11. O-O-O a6 12. N5d4 Qc7 13. h4 d6 14. Bh6 Bd7 15. h5 Rfc8 16. hxg6 Nxd4 17. gxh7+ Nxh7 18. Bd3 Bb5 19. Bxg7 Nxb3+ 20. axb3 Bxd3 21. Bc3 e5 22. Rxh7 Kf8 23. Qg5 Ke8 24. Qg8+ Kd7 25. Qxf7+ Kc6 26. Qd5+ Kb6 27. Qa5+ 1-0

[Event "Quebec op"]
[Site "Montreal CAN"]
[Date "1998.07.26"]
[Round "2"]
[White "Elfert, Aleksandr"]
[Black "Gligoric, Svetozar"]
[Result "1/2-1/2"]
[WhiteElo "2140"]
[BlackElo "2480"]
[PlyCount "39"]
[GameId "2160767911872447"]
[EventDate "1998.07.25"]
[EventType "swiss"]
[EventRounds "9"]
[EventCountry "CAN"]
[SourceTitle "EXT 1999"]
[Source "ChessBase"]
[SourceDate "1998.11.10"]
[SourceVersion "1"]
[SourceVersionDate "1998.11.10"]
[SourceQuality "1"]

1. c4 c5 2. Nf3 Nf6 3. b3 e6 4. e3 Nc6 5. Be2 d5 6. cxd5 exd5 7. O-O Bd6 8. d4 cxd4 9. Nxd4 O-O 10. Bb2 Re8 11. Nd2 Nxd4 12. Bxd4 Bf5 13. Nf3 Ne4 14. Bb2 Re6 15. Rc1 Rg6 16. Kh1 Be6 17. Qd4 Rg4 18. Qd1 Rg6 19. Qd4 Rg4 20. Qd1 1/2-1/2

[Event "Quebec op"]
[Site "Montreal CAN"]
[Date "1998.07.26"]
[Round "2"]
[White "Fillion, Steve"]
[Black "Drozdov, Igor"]
[Result "0-1"]
[WhiteElo "2143"]
[BlackElo "2445"]
[PlyCount "106"]
[GameId "2160767911872448"]
[EventDate "1998.07.25"]
[EventType "swiss"]
[EventRounds "9"]
[EventCountry "CAN"]

1. Nf3 Nf6 2. d4 g6 3. c4 Bg7 4. Nc3 O-O 5. Bg5 d6 6. e3 Nbd7 7. Be2 h6 8. Bh4 g5 9. Bg3 Nh5 10. Nd2 Nxg3 11. hxg3 f5 12. Qc2 e5 13. dxe5 Nxe5 14. f4 Ng4 15. Bxg4 fxg4 16. O-O-O Bf5 17. e4 Bd7 18. f5 Qe7 19. Qd3 Qe5 20. Qd5+ Kh7 21. Nf1 Bc6 22. Qxe5 Bxe5 23. Nd5 Bxd5 24. cxd5 Rae8 25. Rd3 Bg7 26. Nd2 Rf7 27. Kb1 Be5 28. Rc1 h5 29. a4 Kg7 30. a5 h4 31. gxh4 gxh4 32. Rh1 Rh8 33. Rb3 b6 34. a6 Kf6 35. Nc4 Rfh7 36. Na3 h3 37. g3 h2 38. Nc4 Rh3 39. Nxe5 Kxe5 40. Re3 Kd4 41. Re2 Kd3 42. Rc2 Kxe4 43. f6 Kf3 44. f7 Kxg3 45. Rxc7 Kg2 46. Rhc1 h1=Q 47. Rxh1 Rxh1+ 48. Ka2 g3 49. Rxa7 Kf3 50. Re7 g2 51. Re8 g1=Q 52. f8=Q+ Rxf8 53. Rxf8+ Ke4 0-1

[Event "Quebec op"]
[Site "Montreal CAN"]
[Date "1998.07.26"]
[Round "2"]
[White "Gamback, Bjorn"]
[Black "Poulin, Maurice"]
[Result "1/2-1/2"]
[WhiteElo "2215"]
[BlackElo "2004"]
[PlyCount "101"]
[GameId "2160767911872449"]
[EventDate "1998.07.25"]
[EventType "swiss"]
[EventRounds "9"]
[EventCountry "CAN"]
[SourceTitle "EXT 2022"]
[Source "ChessBase"]
[SourceDate "2021.10.06"]
[SourceVersion "1"]
[SourceVersionDate "2021.10.06"]
[SourceQuality "1"]

1. e4 g6 2. d4 Bg7 3. g3 d6 4. Bg2 c5 5. Ne2 cxd4 6. Nxd4 Nf6 7. O-O O-O 8. h3 Qb6 9. Nc3 Nc6 10. Be3 Ne5 11. Nf5 Qxb2 12. Nxe7+ Kh8 13. Bd4 Qb4 14. Rb1 Qa5 15. Ncd5 Nxd5 16. Nxd5 Be6 17. Rxb7 Rfc8 18. f4 Qa6 19. Rb3 Bxd5 20. exd5 Nd7 21. Bxg7+ Kxg7 22. f5 Qxa2 23. Qd4+ Ne5 24. Be4 Qa5 25. Rb7 Qc5 26. Qxc5 Rxc5 27. fxg6 hxg6 28. Ra1 Rc4 29. Bg2 Rxc2 30. Rbxa7 Rxa7 31. Rxa7 Nc4 32. Re7 Kf6 33. Re1 Rc3 34. Rf1+ Ke7 35. Bf3 Nd2 36. Re1+ Kd8 37. Bg2 Rxg3 38. Kf2 Rg5 39. Rd1 Nb3 40. Rb1 Nc5 41. Rb8+ Kc7 42. Rf8 Nd3+ 43. Ke3 Ne5 44. Bf1 Rg3+ 45. Kf2 Rb3 46. h4 Rb8 47. Rxb8 Kxb8 48. Ke3 Kc7 49. Kf4 f6 50. Be2 Kb6 51. h5 1/2-1/2

[Event "Quebec op"]
[Site "Montreal CAN"]
[Date "1998.07.26"]
[Round "2"]
[White "Gardner, Robert"]
[Black "Seguin, Rene"]
[Result "1-0"]
[WhiteElo "2137"]
[BlackElo "1938"]
[PlyCount "87"]
[GameId "2160767911872450"]
[EventDate "1998.07.25"]
[EventType "swiss"]
[EventRounds "9"]
[EventCountry "CAN"]
[SourceTitle "EXT 2022"]
[Source "ChessBase"]
[SourceDate "2021.10.06"]
[SourceVersion "1"]
[SourceVersionDate "2021.10.06"]
[SourceQuality "1"]

1. e4 c5 2. Nf3 Nc6 3. d4 cxd4 4. Nxd4 e5 5. Nb5 d6 6. Bc4 Be6 7. Bxe6 fxe6 8. O-O a6 9. N5c3 Nf6 10. Be3 Be7 11. Nd2 O-O 12. a4 d5 13. exd5 exd5 14. Bg5 Nd4 15. Nf3 Nxf3+ 16. Qxf3 d4 17. Ne4 Nxe4 18. Bxe7 Rxf3 19. Bxd8 Rf7 20. Ba5 Rc8 21. Rae1 Nf6 22. c3 b6 23. Bxb6 dxc3 24. bxc3 Nd5 25. Ba5 Nxc3 26. Bxc3 Rxc3 27. Rxe5 Ra3 28. a5 Rb7 29. Rfe1 h6 30. h4 Rb5 31. Re8+ Kh7 32. Ra8 Raxa5 33. Re7 Re5 34. Rxe5 Rxe5 35. Rxa6 Rh5 36. g3 g5 37. Ra4 Kg6 38. Kg2 gxh4 39. Rxh4 Rxh4 40. gxh4 Kf5 41. Kg3 h5 42. Kf3 Ke5 43. Ke3 Kf5 44. f3 1-0

[Event "Quebec op"]
[Site "Montreal CAN"]
[Date "1998.07.26"]
[Round "2"]
[White "Gottlieb, Jonathan"]
[Black "Gladu, Pierre"]
[Result "0-1"]
[WhiteElo "1870"]
[BlackElo "2136"]
[PlyCount "54"]
[GameId "2160767911872451"]
[EventDate "1998.07.25"]
[EventType "swiss"]
[EventRounds "9"]
[EventCountry "CAN"]
[SourceTitle "EXT 2022"]
[Source "ChessBase"]
[SourceDate "2021.10.06"]
[SourceVersion "1"]
[SourceVersionDate "2021.10.06"]
[SourceQuality "1"]

1. e4 c5 2. Nf3 d6 3. d4 cxd4 4. Nxd4 Nf6 5. Nc3 a6 6. Be2 e6 7. f4 Qc7 8. Be3 Be7 9. g4 d5 10. e5 Nfd7 11. h4 b5 12. Bf3 Nb6 13. Nde2 Nc4 14. Bd4 Nc6 15. b3 Nxd4 16. Qxd4 Na3 17. Rc1 b4 18. Nxd5 exd5 19. Bxd5 Bb7 20. e6 fxe6 21. Bxb7 Qxb7 22. Ng3 Qf3 23. Qd3 Qxf4 24. Rd1 Rd8 25. Ne2 Qxg4 26. Qxa6 Nxc2+ 27. Kf2 O-O+ 0-1

[Event "Quebec op"]
[Site "Montreal CAN"]
[Date "1998.07.26"]
[Round "2"]
[White "Jodoin, Pierre"]
[Black "Frappier, Clement"]
[Result "1/2-1/2"]
[WhiteElo "1818"]
[BlackElo "1867"]
[PlyCount "84"]
[GameId "2160767911872454"]
[EventDate "1998.07.25"]
[EventType "swiss"]
[EventRounds "9"]
[EventCountry "CAN"]
[SourceTitle "EXT 2022"]
[Source "ChessBase"]
[SourceDate "2021.10.06"]
[SourceVersion "1"]
[SourceVersionDate "2021.10.06"]
[SourceQuality "1"]

1. e4 e5 2. Nf3 Nc6 3. Bb5 a6 4. Ba4 Nf6 5. d4 Nxe4 6. O-O Be7 7. Re1 d5 8. Nxe5 Bd7 9. Nxd7 Qxd7 10. f3 Nd6 11. c3 O-O 12. Bc2 Bf6 13. Qd3 g6 14. Bh6 Rfe8 15. Nd2 Re6 16. Rxe6 Qxe6 17. Qe3 Re8 18. Qxe6 Rxe6 19. Bf4 Ne8 20. Kf1 Kf8 21. Nb3 b6 22. Bd3 a5 23. Bb5 g5 24. Bg3 h5 25. Re1 h4 26. Rxe6 fxe6 27. Bxc6 hxg3 28. hxg3 Nd6 29. Nd2 Ke7 30. g4 Nf7 31. Ke2 Kd6 32. Ba4 e5 33. Kd3 Nd8 34. dxe5+ Kxe5 35. g3 Ne6 36. Ke3 Be7 37. f4+ Kf6 38. Bb3 c6 39. Nf3 Bc5+ 40. Nd4 Nxd4 41. cxd4 Bb4 42. Ke2 Bd6 1/2-1/2

[Event "Quebec op"]
[Site "Montreal CAN"]
[Date "1998.07.26"]
[Round "2"]
[White "Khassanov, Marat"]
[Black "Soudre, Nicolas"]
[Result "1-0"]
[WhiteElo "2351"]
[BlackElo "2016"]
[PlyCount "63"]
[GameId "2160767911872455"]
[EventDate "1998.07.25"]
[EventType "swiss"]
[EventRounds "9"]
[EventCountry "CAN"]

1. c4 Nf6 2. Nc3 e6 3. g3 d5 4. Bg2 Be7 5. d4 O-O 6. Nf3 c6 7. O-O Nbd7 8. b3 b6 9. Bb2 Ba6 10. Nd2 Rc8 11. e4 dxe4 12. Ndxe4 Nxe4 13. Nxe4 Nf6 14. Qc2 Nxe4 15. Qxe4 Bf6 16. Rad1 Qe7 17. Bc1 Rfe8 18. Rfe1 Bb7 19. h4 Ba8 20. c5 Qd7 21. Bf4 Rcd8 22. Bd6 Be7 23. Bxe7 Qxe7 24. b4 Rd7 25. f4 Qf6 26. f5 Rde7 27. Qe5 Qxf5 28. Qxf5 exf5 29. Rxe7 Rxe7 30. cxb6 axb6 31. b5 Re6 32. bxc6 1-0

[Event "Quebec op"]
[Site "Montreal CAN"]
[Date "1998.07.26"]
[Round "2"]
[White "Kosic, Dragan"]
[Black "Luksza, Arkadiusz"]
[Result "1-0"]
[WhiteElo "2505"]
[BlackElo "2087"]
[PlyCount "45"]
[GameId "2160767911872456"]
[EventDate "1998.07.25"]
[EventType "swiss"]
[EventRounds "9"]
[EventCountry "CAN"]

1. d4 f5 2. Nc3 Nf6 3. Bg5 d5 4. Bxf6 exf6 5. e3 c6 6. Bd3 Be6 7. Qf3 g6 8. Nge2 Bd6 9. h3 h5 10. g4 fxg4 11. hxg4 Bf7 12. gxh5 gxh5 13. O-O-O Nd7 14. Nf4 Bxf4 15. Qxf4 Qb8 16. Qf3 Qd6 17. Ne2 O-O-O 18. Ng3 Rdg8 19. Nf5 Qe6 20. Qf4 Kd8 21. Nd6 Ke7 22. Nxb7 Nb8 23. Bf5 1-0

[Event "Quebec op"]
[Site "Montreal CAN"]
[Date "1998.07.26"]
[Round "2"]
[White "Lebeau, Gilbert"]
[Black "Clement, Michel"]
[Result "1/2-1/2"]
[WhiteElo "1854"]
[BlackElo "2075"]
[PlyCount "85"]
[GameId "2160767911872457"]
[EventDate "1998.07.25"]
[EventType "swiss"]
[EventRounds "9"]
[EventCountry "CAN"]
[SourceTitle "EXT 2022"]
[Source "ChessBase"]
[SourceDate "2021.10.06"]
[SourceVersion "1"]
[SourceVersionDate "2021.10.06"]
[SourceQuality "1"]

1. e4 c5 2. Nf3 Nc6 3. d4 cxd4 4. Nxd4 Nf6 5. Nc3 d6 6. Be2 e5 7. Nb3 Be6 8. Bg5 Be7 9. Qd2 O-O 10. O-O a5 11. a4 Rc8 12. Rad1 Nb4 13. Bxf6 Bxf6 14. Qxd6 Qxd6 15. Rxd6 Nxc2 16. Nxa5 Nd4 17. Nxb7 Rxc3 18. bxc3 Nxe2+ 19. Kh1 Nxc3 20. Nc5 Ra8 21. Ra1 Be7 22. Ra6 Rc8 23. Nxe6 fxe6 24. Rxe6 Kf7 25. Rxe5 Nxa4 26. g3 Rc4 27. Ra5 Nc5 28. Ra7 Rxe4 29. Rc1 Nd3 30. Rc2 g5 31. h3 h5 32. Rb7 g4 33. hxg4 hxg4 34. Kg1 Ne1 35. Rc1 Nf3+ 36. Kf1 Re6 37. Ra7 Re4 38. Rac7 Nh2+ 39. Kg2 Nf3 40. R7c4 Rxc4 41. Rxc4 Ne5 42. Re4 Ke6 43. Rxe5+ 1/2-1/2

[Event "Quebec op"]
[Site "Montreal CAN"]
[Date "1998.07.26"]
[Round "2"]
[White "Leveille, Francois"]
[Black "Nogueiras, Jesus"]
[Result "0-1"]
[WhiteElo "2295"]
[BlackElo "2520"]
[PlyCount "48"]
[GameId "2160767911872459"]
[EventDate "1998.07.25"]
[EventType "swiss"]
[EventRounds "9"]
[EventCountry "CAN"]
[SourceTitle "EXT 1999"]
[Source "ChessBase"]
[SourceDate "1998.11.10"]
[SourceVersion "1"]
[SourceVersionDate "1998.11.10"]
[SourceQuality "1"]

1. d4 d5 2. c4 e6 3. Nf3 Nf6 4. Nc3 c5 5. cxd5 cxd4 6. Nxd4 Nxd5 7. Bd2 Nb6 8. e3 Be7 9. a4 O-O 10. a5 N6d7 11. Be2 Ne5 12. O-O Nbc6 13. Nb3 Nd3 14. Qb1 Ndb4 15. Rd1 Bd7 16. e4 Qb8 17. Be3 Rd8 18. f4 Be8 19. Rf1 e5 20. Bc4 exf4 21. Bxf4 Bd6 22. Bxd6 Qxd6 23. Bd5 Ne5 24. Nd4 Ng4 0-1

[Event "Quebec op"]
[Site "Montreal CAN"]
[Date "1998.07.26"]
[Round "2"]
[White "Linskiy, Oleg"]
[Black "Gaspariants, Garry"]
[Result "1-0"]
[WhiteElo "2375"]
[BlackElo "2230"]
[PlyCount "61"]
[GameId "2160767911872460"]
[EventDate "1998.07.25"]
[EventType "swiss"]
[EventRounds "9"]
[EventCountry "CAN"]
[SourceTitle "EXT 1999"]
[Source "ChessBase"]
[SourceDate "1998.11.10"]
[SourceVersion "1"]
[SourceVersionDate "1998.11.10"]
[SourceQuality "1"]

1. e4 e5 2. Nf3 Nc6 3. Bc4 Bc5 4. d3 Nf6 5. O-O O-O 6. Nbd2 d6 7. c3 Bg4 8. h3 Bh5 9. Re1 Re8 10. Nf1 Qd7 11. Ng3 Bg6 12. Nh4 d5 13. exd5 Nxd5 14. Nxg6 hxg6 15. Ne4 Bb6 16. Qf3 Rad8 17. Bg5 Nce7 18. Rad1 Qf5 19. Qg3 f6 20. Be3 Kh8 21. Bxb6 axb6 22. d4 exd4 23. Rxd4 g5 24. Red1 c5 25. Rxd5 Nxd5 26. Nd6 Qc2 27. Rxd5 Re1+ 28. Kh2 Qb1 29. Qf3 Qg6 30. Nf5 Rxd5 31. Bxd5 1-0

[Event "Quebec op"]
[Site "Montreal CAN"]
[Date "1998.07.26"]
[Round "2"]
[White "Mahabir, Hugh"]
[Black "Goldner, John"]
[Result "1-0"]
[WhiteElo "2022"]
[BlackElo "1689"]
[PlyCount "113"]
[GameId "2160767911872461"]
[EventDate "1998.07.25"]
[EventType "swiss"]
[EventRounds "9"]
[EventCountry "CAN"]
[SourceTitle "EXT 2022"]
[Source "ChessBase"]
[SourceDate "2021.10.06"]
[SourceVersion "1"]
[SourceVersionDate "2021.10.06"]
[SourceQuality "1"]

1. e4 c5 2. c3 d5 3. exd5 Qxd5 4. d4 Nf6 5. Nf3 Bg4 6. Be2 e6 7. O-O Nc6 8. Be3 cxd4 9. cxd4 Be7 10. Nc3 Qd8 11. Qb3 a6 12. Rfd1 Na5 13. Qc2 Rc8 14. Ne5 Bf5 15. Bd3 Bxd3 16. Qxd3 Nd5 17. Rac1 O-O 18. Ne4 b5 19. Rxc8 Qxc8 20. Rc1 Qa8 21. Bd2 Bb4 22. Ng5 g6 23. Ngxf7 Bxd2 24. Qxd2 Nc4 25. Nh6+ Kg7 26. Nxc4 bxc4 27. Ng4 Nf4 28. Ne3 Nd3 29. Rxc4 Nxf2 30. d5 exd5 31. Qxd5 Qxd5 32. Nxd5 Nd3 33. b4 Re8 34. h4 Re1+ 35. Kh2 Re2 36. a4 Ne5 37. Rc7+ Nf7 38. Kg3 Re5 39. Nc3 Re6 40. Kf3 Kf8 41. g4 h6 42. Kf4 Rd6 43. Ke4 Rb6 44. Nd5 Re6+ 45. Kd4 g5 46. hxg5 hxg5 47. b5 axb5 48. axb5 Nd6 49. b6 Nb5+ 50. Kc5 Nxc7 51. bxc7 Re8 52. Nb6 Ke7 53. c8=Q Rxc8+ 54. Nxc8+ Ke6 55. Kd4 Kf6 56. Kd5 Kf7 57. Ke5 1-0

[Event "Quebec op"]
[Site "Montreal CAN"]
[Date "1998.07.26"]
[Round "2"]
[White "Matteau, Pierre"]
[Black "Trottier, Yves"]
[Result "0-1"]
[WhiteElo "1913"]
[BlackElo "1799"]
[PlyCount "76"]
[GameId "2160767911872462"]
[EventDate "1998.07.25"]
[EventType "swiss"]
[EventRounds "9"]
[EventCountry "CAN"]
[SourceTitle "EXT 2022"]
[Source "ChessBase"]
[SourceDate "2021.10.06"]
[SourceVersion "1"]
[SourceVersionDate "2021.10.06"]
[SourceQuality "1"]

1. c4 e6 2. Nc3 d5 3. d4 Be7 4. g3 Nf6 5. Bg2 O-O 6. Nf3 c6 7. cxd5 exd5 8. O-O Nbd7 9. Qc2 Re8 10. Bf4 Nh5 11. h3 Nxf4 12. gxf4 Bd6 13. e3 Nf8 14. Ne2 Ng6 15. Kh2 Nh4 16. Ng3 Re6 17. Ne5 Rh6 18. f5 f6 19. Ng4 Rh5 20. f4 Bxf5 21. Qe2 Bxg4 22. Qxg4 Rh6 23. e4 Nxg2 24. Kxg2 dxe4 25. Qe6+ Kh8 26. Nxe4 Qe7 27. f5 Qxe6 28. fxe6 Be7 29. Ng3 Re8 30. Nf5 Rg6+ 31. Kf3 Rg5 32. Nxe7 Rxe7 33. Rfe1 Rf5+ 34. Kg3 Rd5 35. Rad1 Rd6 36. Re4 Rdxe6 37. Rg4 Re3+ 38. Kh4 g5+ 0-1